000 01621nam a22002777a 4500
999 _c6472
_d6472
005 20200210150613.0
008 200210s1992 mx |||||r|||| 001 0 spa d
020 _a9681900944
040 _aCO-JMCR
_cCO-JMCR
082 _a658.4 /
100 1 _aWeiss, Donald H.,
_eautor
_9352
245 1 _aCómo resolver problemas creativamente /
_cDonald H. Weiss ; traducción Juan Félix Aróstegui
250 _aPrimera edición
260 _aMéxico :
_bAguilar ;
_cc1992
300 _a79 páginas ;
_c19 cm.
500 _aDatos biográficos del autor pagina 79.
500 _aTítulo original en inglés : Problem Solving.
505 _aEl caso de los huevos rotos: por qué necesita usted solucionar los problemas creativamente -- Huevos rotos en Viejas Medina: modelos de roles -- La grieta en el huevo: Los síntomas versus las cusas de los problemas -- Cómo localizar la causa de un problema -- ¿A qué tipo de problema de enfrenta? -- Cómo abordar los problemas analíticos y los problemas difusos -- Métodos que funcionan para solucionar problemas --
520 _aA los ejecutivos de hoy en día se les pide que sepan enfrentar no sólo los problemas personales de sus empleados de organización de sus empresas. La Dirección espera que usted resuelva estos problemas creativamente le ayuda a encarar soluciones que realmente funcione.
546 _aTraducido del inglés.
650 1 4 _9353
650 1 4 _9354
650 1 4 _9355
700 1 _aAróstegui, Juan Félix,
_9356